Fifa 21 Top 25 Argentina Players - Statistics

General Stats
  • This quiz has been taken 115 times
  • The average score is 14 of 25
Answer Stats
Rating Team Player % Correct
93 FC Barcelona Lionel Messi
98%
89 Manchester City Sergio Aguero
93%
87 PSG Angel Di Maria
91%
88 Piemonte Calcio Paulo Dybala
91%
84 Inter Milan Lautaro Martinez
83%
84 Ajax Nicolas Tagliafico
73%
86 Sevilla FC Alejandro Gomez
70%
82 Tottenham Hotspur Giovani Lo Celso
70%
83 Inter Miami Gonzalo Higuain
69%
85 PSG Mauro Icardi
67%
82 Atletico Madrid Angel Correa
63%
81 Lazio Joaquin Correa
63%
83 Al-Shabab Ever Banega
62%
79 PSG Leandro Paredes
58%
83 Sevilla FC Marcos Acuna
58%
80 Manchester United Sergio Romero
58%
80 Tottenham Hotspur Erik Lamela
56%
82 Sevilla FC Lucas Ocampos
52%
82 Villarreal CF Geronimo Rulli
31%
82 FC Porto Agustin Marchesin
27%
79 Boca Juniors Cristian Pavon
24%
81 OGC Nice Walter Benitez
24%
79 CA Osasuna Ezequiel Avila
21%
80 Udinese Juan Musso
16%
79 Fenerbahce Diego Perotti
10%
No matching quizzes found
Score Distribution
Percent of People with Each Score
Percentile by Number Answered
Your Score History
You have not taken this quiz